<?xml version="1.0" encoding="UTF-8"?>
<marc:record xmlns:marc="http://www.loc.gov/MARC21/slim">
   <marc:leader>00000nam a2200000 a 4500</marc:leader>
   <marc:datafield ind1="1" ind2=" " tag="100">
      <marc:subfield code="a">Fuller, Alexandra</marc:subfield>
      <marc:subfield code="4">aut</marc:subfield>
      <marc:subfield code="e">Verfasser/-in</marc:subfield>
   </marc:datafield>
   <marc:datafield ind1=" " ind2=" " tag="653">
      <marc:subfield code="a">Abenteuer</marc:subfield>
   </marc:datafield>
   <marc:datafield ind1=" " ind2=" " tag="653">
      <marc:subfield code="a">Afrika</marc:subfield>
   </marc:datafield>
   <marc:datafield ind1="0" ind2="0" tag="245">
      <marc:subfield code="a">Unter dem Baum des Vergessens 02</marc:subfield>
   </marc:datafield>
   <marc:datafield ind1="0" ind2="0" tag="245">
      <marc:subfield code="b">Ein Leben in Afrika</marc:subfield>
   </marc:datafield>
   <marc:datafield ind1=" " ind2="1" tag="264">
      <marc:subfield code="b">Goldmann</marc:subfield>
      <marc:subfield code="c">2012</marc:subfield>
   </marc:datafield>
   <marc:datafield ind1="1" ind2=" " tag="520">
      <marc:subfield code="a">Nach äUnter afrikanischer Sonneô kehrt Alexandra Fuller in das Afrika ihrer Kindheit zurück und erzählt die ebenso bewegte wie bewegende Geschichte ihrer Eltern. Nicola und Tim Fuller wandern anfang der Siebzigerjahre nach Afrika aus, verheißungsvoll liegt der Kontinent vor ihnen. Doch schon nach kurzer Zeit ereignen sich Unfälle und Tragödien innerhalb der Familie, politische Unruhen und Bürgerkriege erschüttern den Kontinent. Im Zentrum von Alexandra Fullers neuem Buch steht ihre Mutter, die es auf unnachahmliche Weise immer wieder schafft, den Widrigkeiten des Lebens mit Mut und Entschlossenheit zu begegnen, um dann, die Uzi unter den Arm geklemmt, zur nächsten Kostümparty zu fahren.</marc:subfield>
   </marc:datafield>
   <marc:datafield ind1="3" ind2=" " tag="024">
      <marc:subfield code="a">9783442312870</marc:subfield>
   </marc:datafield>
</marc:record>
